000 00461nam a2200181Ia 4500
005 20250423095312.0
008 250422s9999 xx 000 0 und d
020 _a9789784906951
050 _aDT 14 .E84/
100 _aEdited by Solomon C. Madubuike
245 0 _aEthnography of culture and civilisation in africa
260 _aIbadan
260 _bAgbo Areo Publishers
260 _c2012
300 _a183 p
650 _a Africa.
942 _cBK
999 _c29858
_d29858